| 000 | 00392nam a22001577a 4500 | ||
|---|---|---|---|
| 999 |
_c7929 _d7929 |
||
| 003 | OSt | ||
| 005 | 20190320124219.0 | ||
| 008 | 190320b ||||| |||| 00| 0 eng d | ||
| 040 | _cDLC | ||
| 082 |
_a494 _bP984H |
||
| 100 | _aPunnose | ||
| 245 |
_aHam Bharat Maagthe Hai: _cBy Punnose |
||
| 260 |
_aIndia : _bharvest Mission Publication: _cc. 2003 |
||
| 300 |
_a248 p.; _c20 cm |
||
| 942 |
_2ddc _cBK |
||